Ends in 'IOUS' Quiz Stats

 Plays Quiz Updated Jan 4, 2019

Support Sporcle.
Go Orange.
Score 0/20 Timer 05:00
1 Play Today
Definition Word % Correct
Extremely funnyHilarious
80.2%
Inquisitive...like GeorgeCurious
74.9%
Quentin Tarantino's BasterdsInglourious
74%
Very tasty; social bookmarking web service Delicious
67%
Dangerously aggressive; punk rocker SidVicious
63.5%
Highly communicable...like laughterInfectious
60.4%
Relating to faithful devotionReligious
57.6%
Careful; tentativeCautious
50.2%
Beloved or expensive like diamonds, emeralds or rings of powerPrecious
48%
Scholarly; bookishStudious
39.2%
Definition Word % Correct
Easily understood; self-explanatoryObvious
37.4%
Not real; imaginaryFictitious
34.4%
Lightheaded or confused or Eddie Murphy in 1983Delirious
33.3%
Alert, awake, awareConscious
31.2%
Arousing strong dislike; detestableOdious
28.3%
Intended to attract notice; showyOstentatious
27.3%
Full of disquietude; greatly concernedAnxious
20.6%
Abundant; bountiful; plentifulCopious
16.9%
Like Ben Stiller's character in Mystery MenFurious
15%
Arrogant, authoritative; Ruler of the Cylons in the original Battlestar GalacticaImperious
12.1%

From the Vault

Occupation by Necktie

by hatefulmissy

A necktie for Sporcle employees would have to encompass a huge variety of topics.
Remove Ads.
Support Sporcle.
Get the best of Sporcle when you Go Orange. This ad-free experience offers more features, more stats, and more fun while also helping to support Sporcle. Thank you for becoming a member.

Show Comments

Extras

Top Quizzes Today


Score Distribution

Your Account Isn't Verified!

In order to create a playlist on Sporcle, you need to verify the email address you used during registration. Go to your Sporcle Settings to finish the process.

Report this User

Report this user for behavior that violates our Community Guidelines.

Details: